000
00335 a2200145 4500
001
171132
020
_a
040
_c
Magnum
100
_a
Belotur
240
1
0
_a
Perfil turistico - belo horizonte - 2001
_l
por
245
1
0
_a
Perfil turistico - belo horizonte - 2001
362
0
_a
1899
697
_a
ORGANIZACAO SOCIAL
942
_c
BK
999
_c
171132
_d
171132